| 000 | 00747cab a2200265 4500 | ||
|---|---|---|---|
| 001 | ABS50850 | ||
| 008 | 090401t1994 xxu||||| |||| 00| 0 eng d | ||
| 035 | _a(Sirsi) u73293 | ||
| 041 | _aeng | ||
| 100 | _aEden, R. | ||
| 245 | _aElectricity generation: who said landfill gas | ||
| 260 | _c1994 | ||
| 350 | _a0 | ||
| 490 |
_aSurveyor _v181(5295) 9 June 1994, 12-14(2) |
||
| 520 | _aDiscusses the economic reality of energy generation from landfill gas. | ||
| 650 | _aALTERNATIVE ENERGY SOURCES | ||
| 650 | _aLANDFILL GAS | ||
| 650 | _aMETHANE | ||
| 650 | _aNFFO | ||
| 650 | _aNON-FOSSIL FUEL OBLIGATION | ||
| 650 | _aRENEWABLE ENERGY | ||
| 690 | _aENVIRONMENTAL AND LAND CONSULTANCY-ENERGY | ||
| 942 | _n0 | ||
| 948 | _c04/03/1997 | ||
| 999 |
_c46352 _d46352 |
||